000 01162nam a2200217 a 4500
008 100623s2001 ||||||||||||||||| || u
050 _aFAWE(02)
100 _aMasanja, Verdiana Grace
245 1 0 _aStructural changes and equal opportunity for all: a case study of the University of Dar es Salaam.
_cby Verdiana Grace Masanja
260 _aNairobi:
_bForum for African Women Educationalists (FAWE)
_c2001
300 _a16p.: ill.
350 _a0.00
490 _aForum for African Women Educationalists (FAWE)
500 _aA paper commissioned by the Forum for African Women Educationalists (FAWE) and presented at the 10th General Conference of the Association of African Universities (AAU) at the Safari Park Hotel, Nairobi on February 5-9, 2001.
650 _aGENDER EQUALITY--HANDBOOKS, MANUALS, ETC
650 0 _aEDUCATIONAL TESTS AND MEASUREMENTS
650 _aGIRL CHILD EDUCATION--TANZANIA
650 _aGENDER--equity
710 _aForum for African Women Educationalists (FAWE)
995 _D0.00
_FCBU-MAIN LIBRARY (Kitwe)
_H1
_I0.00
_M1
_UAVAILABLE
_WJun 23, 2010
_ZUniversity Collection
999 _c58668
_d58668